| 000 | 00000nam##2200000za#4500 |
| 001 | 9.696674 |
| 003 | CaOODSP |
| 005 | 20210624235135 |
| 007 | cr ||||||||||| |
| 008 | 150407|1999||||xxc|||||o f|0| 0 eng|d |
| 040 | |aCaOODSP|beng |
| 043 | |an-cn--- |
| 086 | 1 |aH68-50/1999E-PDF |
| 110 | 1 |aCanada.|bNational Council of Welfare. |
| 245 | 10|aChildren first : |h[electronic resource]|ba pre-budget report by the National Council of Welfare |
| 260 | |aOttawa - Ontario : |bNational Council of Welfare |cAutumn 1999. |
| 300 | |a36p. |
| 500 | |aThe catalogue number (H68-50/1999E) and ISBN (0-662-28197-7) for the print edition have been incorrectly copied in this electronic publication. |
| 590 | |a12-38-Supp|b2012-09-27 |
| 690 | 07|aChildren|2gcpds |
| 690 | 07|aBudgets|2gcpds |
| 690 | 07|aChild poverty|2gcpds |
| 775 | 08|tLes enfants d'abord : |w(CaOODSP)9.640782 |
| 776 | 0#|tChildren first : |w(CaOODSP)9.647477 |
| 856 | 40|ahttp://publications.gc.ca|qPDF|s2.41 MB|uhttps://publications.gc.ca/collections/collection_2012/cnb-ncw/H68-50-1999-eng.pdf |